Normal view
MARC view
- Borden, Gail Peter
Entry Personal Name
001 - CONTROL NUMBER
- control field: 120760
003 - CONTROL NUMBER IDENTIFIER
- control field: NUST
005 - DATE AND TIME OF LATEST TRANSACTION
- control field: 20240220102145.0
008 - FIXED-LENGTH DATA ELEMENTS
- fixed length control field: 240220|| aca||aabn | a|a d
040 ## - CATALOGING SOURCE
- Original cataloging agency: NUST
- Transcribing agency: NUST
100 ## - HEADING--PERSONAL NAME
- Personal name: Borden, Gail Peter
670 ## - SOURCE DATA FOUND
- Source citation: Work cat.: (NUST): Borden, Gail Peter., Process :, 2014.
